000 00804nam a2200253 i 4500
001 15199
003 ES-MaACL
005 20250816061803.0
007 t|
008 000118s1999 sp ||||1| spa d
020 _a84-339-0783-2
080 _a7 Duchamp, Marcel
080 _a929 Duchamp, Marcel
100 1 _aTomkins, Calvin.
_9110557
245 1 0 _aDuchamp /
_cCalvin Tomkins ; traducción de Mónica Martín Berdagué.
260 _aBarcelona :
_bAnagrama,
_c[1999]
300 _a639 p. :
_bfot. ;
_c23 cm.
490 1 _aBiblioteca de la memoria ;
_v18
600 1 4 _aDuchamp, Marcel,
_d1887-1968
_9237777
700 1 _aMartín Berdagué, Mónica.
_977414
830 0 _aBiblioteca de la memoria ;
_v18
_9177960
852 _aES-MaACL
_jL-22369
_bR.127644
999 _c15199
_d15199